00641nam a22002177a 4500003000500000005001700005008004100022010001000063011001000073035001000083040000900093082001600102100001800118245006700136260002900203300002200232490004700254650002900301710004600330830004700376CHAP20220817042628.0971013s1986 r 00010 d a50366 a51338 a55488 cCHAP a519.535bP500aPia, Laura E. aAnálisis multivariadob: método de componentes principales aWashington :bOEA,c1986 a94 p.b: gráfs. aSerie de matemáticas. Monografíav; 2714aAnálisis multivariado.0 aOrganización de los Estados Americanos.0 aSerie de matemáticas. Monografíav; 27